La fiesta barroca en la periferia : relación de la fiesta de proclamación de Luis I en la ciudad de Cartago, Costa Rica (1725)

Sábháilte in:
Sonraí bibleagrafaíochta
Príomhchruthaitheoir: Sánchez Mora, Alexánder
Formáid: LEABHAR
Teanga:Undetermined
Foilsithe / Cruthaithe: San José, Costa Rica Encino Ediciones 2021
Ábhair:
Clibeanna: Cuir clib leis
Níl clibeanna ann, Bí ar an gcéad duine le clib a chur leis an taifead seo!

MARC

LEADER 00000nam a2200000Ia 4500
008 170316s9999 xx 000 0 und d
020 |a 978-9930-581-16-2  
040 |a cru BVZT 
090 |a 868 S-26f 
100 |a Sánchez Mora, Alexánder   |9 2011 
245 |a La fiesta barroca en la periferia : relación de la fiesta de proclamación de Luis I en la ciudad de Cartago, Costa Rica (1725)  |c / Alexánder Sánchez Mora  
260 |a San José, Costa Rica  |b Encino Ediciones  |c 2021 
300 |a 115 p. , 9 hojas +  |e  La fiesta barroca en la periferia-Anexos. Edición facsimilar. Presentación paleográfica. Edición crítica 
650 0 |a LITERATURA COSTARRICENSE  |9 17 
650 0 |a ENSAYO  |9 600 
650 0 |a LITERATURA  |9 63  |e COLONIAL 
650 0 |a FILOLOGÍA  |9 186  |e INVESTIGACIÓN 
653 |a BARROCO-PERÍODO 
942 |c 15 D  |2 z  |j 15 D 
999 |c 31014  |d 31014